LEADER 00950nam0-22003251i-450- 001 990001821070403321 005 20021010 035 $a000182107 035 $aFED01000182107 035 $a(Aleph)000182107FED01 035 $a000182107 100 $a20021010d--------km-y0itay50------ba 101 0 $aita 200 1 $aAmenagement des forets naturelles des zones tropicales seches$fR. Bellefontaine, A. Gaston, Y. Petrucci$gFAO. 210 $aRoma$cFAO$d1997. 215 $aVI, 316 p.$d30 cm 225 1 $aCahier FAO conservation$v32 610 0 $aForeste 676 $a634.92 700 1$aBellefontaine,$bRonald$080101 702 1$aGaston,$bA. 702 1$aPetrucci,$bY. 801 0$aIT$bUNINA$gRICA$2UNIMARC 901 $aBK 912 $a990001821070403321 952 $a60 COLL. FAO 9/32$b$fFAGBC 959 $aFAGBC 996 $aAmenagement des forets naturelles des zones tropicales seches$9412781 997 $aUNINA DB $aING01